000 00304nam a22001217a 4500
020 _a978-0-19-568909-9
082 _a338.88
100 _aJoshi, Rakesh Mohan
245 _aInternational Business
260 _aNew Delhi:
_bOxford University Press,
_c2009
300 _axx, 912p.: ill.; 24cm
942 _cBK
999 _c22171
_d22171